000
00343nam a2200145Ia 4500
008
221007s9999 xx 000 0 und d
041
_a
eng
082
_b
KAT
100
_a
Kathalkar S V (2K4409)
_9
102317
245
_a
Training Analysis
260
_c
2006
_b
Pune University
_a
Pune
300
_a
62p
520
_a
Gaikwad A
906
_b
General
999
_c
69479
_d
69479